Pokémon de type Combat - Mort Subite - Statistiques

Statistiques générales
  • Ce quiz a été pris 930 fois
    34 depuis la dernière actualisation
  • Le résultat moyen est 11 sur 20
Answers on the Grid
Answers color-coded by a green-red scale on the quiz's grid according to % correct below.
Riolu
Ouvrifier
Poulpaf
Pandespiègle
Judokrak
Palarticho
Keldeo
Tartard
Palmaval
Garde-de-Fer
Chimpenfeu
Cancrelove
Rampe-Ailes
Chelours
Coatox
Charmina
Courrousinge
Brutalibré
Flamenroule
Tygnon
Miraidon
Bébécaille
Kirlia
Balignon
Joliflor
Baudrive
Kecleon
Roue-de-Fer
Amphinobi
Roublenard
Miamiasme
Scobolide
Nidoking
Malosse
Maganon
Natu
 
Statistiques - réponses
Réponse % Correct
Riolu
87%
Ouvrifier
80%
Tygnon
73%
Charmina
70%
Judokrak
70%
Brutalibré
67%
Courrousinge
67%
Coatox
63%
Poulpaf
63%
Chimpenfeu
60%
Tartard
57%
Garde-de-Fer
53%
Palarticho
53%
Keldeo
50%
Chelours
47%
Flamenroule
43%
Pandespiègle
43%
Palmaval
37%
Cancrelove
33%
Rampe-Ailes
13%
Aucun quiz correspondant
Distribution des résultats
% des personnes avec chaque résultat
Percentile par nombre de réponses
Votre historique - résultats
Vous n’avez pas pris ce quiz depuis la dernière actualisation